000 00433nam a2200157Ia 4500
008 190423s9999 xx 000 0 und d
100 _aLiao Yu Hui
245 _aHere comes a cyber mum/
245 _cLiao Yu Hui
260 _bReader's Digest Asia
260 _c2019
300 _aPages 38-41, January 2019
440 _aAsia Reader's Digest: Classic Reads
_v115:671
650 _aElectronic mail
650 _atelecommunication
999 _c361487
_d361487